000 00313nam a2200109Ia 4500
008 221009s9999 xx 000 0 und d
082 _a954
100 _aGrover Amrita,Chaudhary D.R. Anju grover,Dua Dr.J.C
_967049
245 0 _aMughal lano Revenue Apparatus
260 _bCollected works of professor
942 _cBK
999 _c64929
_d64929